| 000 | 04125cgm a2200829Ii 4500 | ||
|---|---|---|---|
| 001 | ocn974499822 | ||
| 003 | OCoLC | ||
| 005 | 20170329082653.0 | ||
| 007 | vd cvaizq | ||
| 008 | 170303s2017 cau129 e vleng d | ||
| 040 |
_aTEFMT _beng _erda _cTEFMT _dOCLCO _dTEF _dHHO _dINO _dT7R _dUINTA |
||
| 024 | 1 | _a883929426027 | |
| 028 | 4 | 2 |
_a1000507003 _bWarner Bros. |
| 028 | 4 | 2 |
_a2000133109 _bWarner Bros. _q(disc) |
| 028 | 4 | 2 |
_a3000073076 _bWarner Bros. _q(container) |
| 035 | _a(OCoLC)974499822 | ||
| 037 |
_bMidwest Tape _nhttp://www.midwesttapes.com |
||
| 041 | 0 |
_aeng _afre _aspa _jeng _jfre _jspa _heng |
|
| 043 |
_an-us--- _an-us-ma |
||
| 050 | 4 |
_aPN1997.2 _b.L58 2017 |
|
| 082 | 0 | 4 |
_a791.43/72 _223 |
| 049 | _aUCLB | ||
| 245 | 0 | 0 |
_aLive by night / _cWarner Bros. Pictures presents ; an Appian Way/Pearl Street production ; directed by Ben Affleck ; screenplay by Ben Affleck ; produced by Leonardo DiCaprio, Jennfier Davisson, Ben Affleck, Jennifer Todd. |
| 257 |
_aUnited States _2naf |
||
| 264 | 1 |
_aBurbank, CA : _bWarner Home Video, _c[2017] |
|
| 264 | 4 | _c�2017 | |
| 300 |
_a1 videodisc (129 minutes) : _bsound, color ; _c4 3/4 in. |
||
| 336 | _atwo-dimensional moving image | ||
| 337 | _avideo | ||
| 338 | _avideodisc | ||
| 344 |
_adigital _boptical _gsurround _h5.1 Dolby _2rda |
||
| 347 |
_avideo file _bDVD video _eregion 1 _2rda |
||
| 380 | _aMotion picture. | ||
| 538 | _aDVD; region 1; 5.1 Dolby. | ||
| 546 | _aEnglish, French, or Spanish dialogue; optional French or Spanish subtitles; English subtitles for the deaf and hard of hearing (SDH); English descriptive audio. | ||
| 500 | _aTitle from title screen. | ||
| 511 | 1 | _aBen Affleck, Elle Fanning, Remo Girone, Brendan Gleeson, Robert Glenister, Matthew Maher, Chris Messina, Sienna Miller., Miguel J. Pimentel, Zoe Saldana, Chris Cooper. | |
| 508 | _aDirector of photography, Robert Richardson; music, Harry Gregson-Williams. | ||
| 500 | _aBased on the novel by Dennis Lehane. | ||
| 500 | _aWide screen. | ||
| 521 | 8 | _aRating: R; for strong violence, language throughout, and some sexuality/nudity. | |
| 520 | _aIt's the roaring twenties and prohibition hasn't stopped the flow of booze in an underground network of gangster-run speakeasies. The opportunity to gain power and money is there for any man with enough nerve, and Joe Coughlin, the son of the Boston Police superintendent, long ago turned his back on his strict upbringing for the spoils of being an outlaw. But even among criminals there are rules, and Joe breaks a big one: crossing a powerful mob boss by stealing his money and his moll. | ||
| 500 | _aSpecial features: deleted scenes with or without commentary. | ||
| 650 | 0 |
_aProhibition _zUnited States _vDrama. |
|
| 650 | 0 |
_aGangsters _vDrama. |
|
| 650 | 0 |
_aChildren of police _zMassachusetts _zBoston _vDrama. |
|
| 655 | 7 |
_aFeature films. _2lcgft |
|
| 655 | 7 |
_aCrime films. _2lcgft |
|
| 655 | 7 |
_aFilm adaptations. _2lcgft |
|
| 655 | 7 |
_aVideo recordings for the hearing impaired. _2lcgft |
|
| 655 | 4 | _aFilm adaptations. | |
| 700 | 1 |
_aDiCaprio, Leonardo, _efilm producer. |
|
| 700 | 1 |
_aKilloran, Jennifer Davisson, _efilm producer. |
|
| 700 | 1 |
_aTodd, Jennifer, _efilm producer. |
|
| 700 | 1 |
_aAffleck, Ben, _d1972- _efilm director, _escreenwriter, _efilm producer, _eactor. |
|
| 700 | 1 |
_aFanning, Elle, _d1998- _eactor. |
|
| 700 | 1 |
_aGirone, Remo, _d1948- _eactor. |
|
| 700 | 1 |
_aGleeson, Brendan, _eactor. |
|
| 700 | 1 |
_aGlenister, Robert, _eactor. |
|
| 700 | 1 |
_aMaher, Matthew _c(Actor), _eactor. |
|
| 700 | 1 |
_aMessina, Chris, _eactor. |
|
| 700 | 1 |
_aMiller, Sienna, _d1981- _eactor. |
|
| 700 | 0 |
_aMiguel _c(Musician), _eactor. |
|
| 700 | 1 |
_aSaldana, Zo�e, _d1978- _eactor. |
|
| 700 | 1 |
_aCooper, Chris, _d1951- _eactor. |
|
| 700 | 1 |
_iMotion picture adaptation of (work): _aLehane, Dennis. _tLive by night. |
|
| 710 | 2 |
_aWarner Bros. Pictures (1969- ), _epresenter. |
|
| 710 | 2 |
_aAppian Way (Firm), _eproduction company. |
|
| 710 | 2 |
_aPearl Street Films, _eproduction company. |
|
| 710 | 2 |
_aWarner Home Video (Firm), _epublisher. |
|
| 994 |
_aC0 _bUINTA |
||
| 999 |
_c220119 _d220119 |
||